| 000 | 00621nam a22002177a 4500 | ||
|---|---|---|---|
| 003 | DEla salle | ||
| 005 | 20140310182806.0 | ||
| 008 | 130214t xxu||||| |||| 00| 0 eng d | ||
| 020 | _a0130942014 | ||
| 050 |
_aBF 637.C6 _b.G48 2003 |
||
| 100 | _aGibson, Robert L. | ||
| 245 |
_aIntroduction to counseling and guidance / _cRobert L. Gibson, Marianne H. Mitchell |
||
| 250 | _a6th ed. | ||
| 260 |
_aUpper Saddle River, N.J. : _bMerrill/Prentice Hall, _c2003. |
||
| 300 |
_axviii, 557 p. : _c25 cm. _bill. ; |
||
| 521 | _aPSYCH | ||
| 526 | _c1210L-1700L | ||
| 562 | _e1 | ||
| 942 |
_2lcc _cBK _kFOR |
||
| 999 |
_c16086 _d16086 |
||